Priateľ ľudu slovenský politický týždenník

Bibliographic Details
Format: Serial
Language:Slovak
Published: Pest [Budapešť] Debrecín Lukáč Máčai 1848-1849 ; 1861
ISSN:0201-2782
Subjects:

MARC

LEADER 00000cas a2200000 a 4500
001 vtls001328500
003 SK-MaSNL
005 20260228155709.0
008 980421d18481861hu wr 0 0 0slo
022 |a 0201-2782 
035 |a SNK000281326 
040 |a SNK  |b slo  |c SNK  |e AACR2 
041 0 |a slo 
044 |a hu  |c HU 
072 7 |a 32  |x Politika  |2 konspekt 
080 |a (051.062)  |2 2011 
080 |a 050  |2 2011 
080 |a 32  |2 2011 
245 0 0 |a Priateľ ľudu  |b slovenský politický týždenník 
260 |a Pest [Budapešť]  |a Debrecín  |b Lukáč Máčai  |c 1848-1849 ; 1861  |f Trattner-Károlyi 
310 |a 1x týždenne  |b 1848, 1861 
321 |a 2x týždenne  |b 1849 
362 0 |a Č. 1 (8. jún 1848)-č. 14 (31. máj 1849) ; roč. 1, č. 1 (20. febr. 1861)-roč. 1, č. 32 (2. okt. 1861)  |z SKP 
500 |a R. 1848 vychádzal raz týždenne s dvojstĺpcovou sadzbou v Pešti a od r. 1849 dvakrát týždenne v Debrecíne 
500 |a Tlač r. 1848: Trattner-Károlyi v Pešti, r. 1849 tlačiareň prevezená z Kluže do Debrecína ; r. 1861: Eduard Poldini a Julius Noséda v Pešti 
500 |a Zodp. red. Lukáč Máčai (Mácsay). Spoluredaktori od č. 6/1861 Michal Mácsay a Ferdinand Pfeiffer 
650 0 7 |a politika  |2 SNKPH  |9 968 
655 7 |a populárno-náučné časopisy  |2 SNKPH  |9 70770 
910 |a snk 
999 |c 241  |d 241 
952 |0 0  |1 0  |4 0  |7 1  |a SNK  |b SNK  |d 1998-04-21  |l 0  |o snkČSB 58/1849  |p 17A0136210  |r 2005-01-02 00:00:00  |w 2026-02-21  |y NEVYP 
952 |0 0  |1 0  |4 0  |7 1  |a SNK  |b SNK  |d 1998-04-21  |l 0  |o snkČSB 58/1848  |p 17A0136173  |r 2005-01-02 00:00:00  |w 2026-02-21  |y NEVYP